Normal view
MARC view
- Racism
Entry Topical Term
001 - CONTROL NUMBER
- control field: 101762
003 - CONTROL NUMBER IDENTIFIER
- control field: NUST
005 - DATE AND TIME OF LATEST TRANSACTION
- control field: 20221031095621.0
008 - FIXED-LENGTH DATA ELEMENTS
- fixed length control field: 221031|| aca||aabn | a|a d
040 ## - CATALOGING SOURCE
- Original cataloging agency: NUST
- Transcribing agency: NUST
150 ## - HEADING--TOPICAL TERM
- Topical term or geographic name entry element: Racism
670 ## - SOURCE DATA FOUND
- Source citation: Work cat.: (NUST)0: Dower, John W. 101759, War without mercy :, c1986.
